000 00678cam a2200253 a 4500
001 17045377
005 20180306042955.0
008 111115s2011 nyua 001 0 eng
010 _a 2011293265
020 _a9781435486577
020 _a1435486579
040 _aDLC
_cDLC
_dDLC
041 _aeng
042 _apcc
080 _a621
082 _2621 OWE
100 1 _a27
101 _aMEK
245 1 0 _aClassroom manual for automotive brake systems /
_cClifton E. Owen.
246 1 4 _aAutomotive brake systems :
_bclassroom manual
906 _a7
_bcbc
_corignew
_d3
_encip
_f20
_gy-gencatlg
942 _2ddc
_cBK
999 _c44143
_d44143